| 000 | 00563nam a2200193Ia 4500 | ||
|---|---|---|---|
| 005 | 20250326123733.0 | ||
| 008 | 250326s9999 xx 000 0 und d | ||
| 037 | _aTextbook | ||
| 040 |
_aFMSL _beng _cFMSL |
||
| 041 |
_aeng _2eng |
||
| 084 |
_aX:8ogD658(2:55) M4;1 _qFMSL |
||
| 100 |
_aMudrick R G _9735950 |
||
| 245 | 0 |
_aInformation system for modern management _cMudrick R G |
|
| 250 | _a3 | ||
| 260 |
_aNew Delhi _bNew Delhi, Prentice-Hall _c1984 |
||
| 300 | _a466p | ||
| 942 |
_cTB _hX:8ogD658(2:55) M4;1 |
||
| 999 |
_c1270737 _d1270737 |
||